1617 1686 1954 1508 1128 1940 1673 1757 1041 1733 1733 1604 1477 1146 1153 1174 1499 1782 1321 1531 1949 1828 1946 1832 1286 1276 1067 1537 1677 1189 1046 1601 1223 2000 1671 1994 1000 1241 1404 1934 1637 1710 1091 1249 1931 1598 1802 1524 1581 1568 1052 1871 1382 1999 1184 1477 1143 1525 1435 1002 1213 1343 1799 1038 1390 1631 1168 1495 1613 1337 1427 1619 1001 1804 1919 1802 1406 1146 1011 1584 1792 1844 1716 1510 1833 1127 1662 1829 1891 1100 1439 1942 1047 1049 1273 1460 1848 1024 1643 BCNSPRNW ULIB Ver.6.0+V

เปลี่ยนเป็นภาษาไทย

Change to English
 แสดงรายละเอียดบรรณานุกรม
  กลับหน้าหลัก

Brief Record : Get Marc (ISO 2709) : E-mail record : QR code < ปิดหน้าต่าง
LEADER : 00000nam 2200000uu 4500
001    13399128059
003     ULIB
008    220202s2563||||th 000 0 tha d
020    ^a9786163341624
050    ^aA.^bอ-ต
100    ^aอ.สิทธิการ
245    ^aตำราทำนายฝัน
250    ^aพิมพ์ครั้งที่ 1
260    ^aนนทบุรี :^bเดอะ บุ๊คส์ เลิฟเวอร์,^c2563
300    ^a336 หน้า;^b19 ซม.
650    ^aการทำนายฝัน
945    ^p75^l0^i29204
999    ^aกัณชพร จุลอักษร
รายการนี้ยังไม่มีแท็ก
คุณยังไม่ได้ล็อกอิน คุณสามารถมีกิจกรรมร่วมกับเว็บไซต์ได้ แต่ต้องล็อกอินก่อน ::
  ล็อกอิน

รายการสื่อสารสนเทศ

ลำดับที่ ประเภท เลขเรียก/บาร์โค้ด สถานที่ สถานะ
1. วิทยาศาสตร์การแพทย์ และสุขภาพ
วิทยาศาสตร์การแพทย์ และสุขภาพ
A. อ-ต ฉ.1 
  Barcode: 29204
ห้องสมุดวิทยาเขตนครสวรรค์
►นวนิยาย:l:Fiction
บนชั้น

รายการใกล้เคียง
    ชื่อเรื่อง [ตำราทำนายฝัน]

    ผู้แต่ง [อ.สิทธิการ]

    หัวเรื่อง [การทำนายฝัน]

BibComment


ยังไม่เคยถูกคอมเมนท์

คอมเมนท์ทรัพยากรรายการนี้
  คอมเมนท์: ตำราทำนายฝัน


 Copyright 2026. Bcnsprnw @Library